000 00534nam a2200157Ia 4500
008 090124s9999 xx 000 0 und d
082 _b204405
245 _a श्रेष्ठ बाल कहानियाँ
250 _a2
260 _bरेड्डी बालशौरि
_c1996
300 _a519
630 _a श्रेष्ठ बाल कहानियाँ
700 _aरेड्डी बालशौरि
730 _a श्रेष्ठ बाल कहानियाँ
942 _cBOOK
999 _c185986
_d185986